Statistics for Famous Faces - April Birthdays

Click here to take the quiz!

General Stats

  • This quiz has been taken 219 times
  • The average score is 12 of 30

Answer Stats

Answer% Correct
Queen Elizabeth II
98%
Adolf Hitler
95%
Jackie Chan
85%
Saddam Hussein
73%
Vladimir Lenin
68%
Pope Benedict XVI
60%
Conan O'Brien
56%
Barbra Streisand
55%
Hugh Hefner
54%
Gal Gadot
50%
Ulysses S. Grant
46%
Otto von Bismarck
45%
Kofi Annan
43%
Maria Sharapova
43%
Jennifer Garner
42%
Garry Kasparov
35%
Hirohito
34%
Jane Goodall
30%
Ella Fitzgerald
29%
Nikita Khrushchev
26%
Maya Angelou
22%
Raphael
17%
Marvin Gaye
13%
Booker T. Washington
12%
Marcus Aurelius
11%
Jacob Zuma
9%
Max Planck
5%
Bill Irwin
2%
François Duvalier
2%
Joseph Pulitzer
1%

Score Distribution

Percentile by Number Answered

Percent of People with Each Score

Your Score History

You have not taken this quiz